000 00442nam a2200181Ia 4500
001 14625
005 20260306164928.0
008 260306t2018||||xx |||||||||||||| ||spa||
041 _aESP
082 _a515.35
_bO52 2018
100 _aO'Neil, Peter V.
_eAUT
245 0 _aAdvanced engineering mathematics, SI
260 _c2018
300 _axvii, 839 páginas :
_c25 cm.
650 _aGEN
654 _aCMA
942 _cLIB
_dJUS
_fJUS
_2ddc
_n
999 _c14625
_d14625